Statistiques concernant Les femmes d’Henry VIII

Cliquez ici pour prendre le quiz!

Statistiques générales

  • Ce quiz a été pris 94 fois
  • Le résultat moyen est 5 sur 6

Statistiques - réponses

HintRéponse% Correct
2.Anne Boleyn
98%
1.Catherine D’Aragon
89%
6.Catherine Parr
76%
4.Anne de Clèves
70%
3.Jeanne Seymour
64%
5.Catherine Howard
62%

Distribution des résultats

Percentile par nombre de réponses

% des personnes avec chaque résultat

Votre développement - résultats

Vous n’avez pas pris ce quiz